00314pab a2200121 454500008004000000100001700040245005400057260000900111300001300120362001000133650001500143773003400158180718b2009 xxu||||| |||| 00| 0 eng d aAhmad, Irfan aThe secular state and the geography of radicalism c2009 ap.33-38. a6 Jun aRadicalism aEconomic and Political Weekly